00385nam a2200157Ia 4500003000900000008004100009040001600050080001500066100002000081245003200101260004500133300001000178650001300188650001800201650000800219IN-BaIIA211028s9999 xx 000 0 eng d cIIA Library a523.9bHON aHonore, Charles 0aEl solcCharles Honore  aMontevideobImprenta A Vapor De Lac1897 a230p. aArchives aSolar Physics aSun